[Event "16. Bayer Open"]
[Site "Leverkusen"]
[Date "2018.01.08"]
[Round "1.1"]
[White "Pyrowicz, Jacek"]
[Black "Stillger, Bernhard"]
[Result "0-1"]
[WhiteElo "1825"]
[BlackElo "2338"]
[PlyCount "102"]
[EventDate "2018.??.??"]
[WhiteTeam "SV Wermelskirchen"]
[BlackTeam "Oberhausener SV"]

1. d4 Nf6 2. Nf3 g6 3. c4 Bg7 4. g3 O-O 5. Bg2 c5 6. d5 b5 7. O-O d6 8. a4 bxc4
9. Nc3 Nbd7 10. h3 Ba6 11. a5 Rb8 12. e4 Ne8 13. Kh2 Nc7 14. Re1 Nb5 15. Nxb5
Rxb5 16. Qc2 Rxa5 17. Bd2 Rxa1 18. Rxa1 Qb6 19. Bf1 Ne5 20. Nxe5 Bxe5 21. Bc3
Bb5 22. Bxe5 dxe5 23. Qc3 Qb8 24. Qe3 Rc8 25. h4 a6 26. Bh3 Rc7 27. h5 Qb6 28.
h6 Qf6 29. Rh1 g5 30. Kg2 e6 31. d6 Rc6 32. Rd1 Rc8 33. Bg4 Qxh6 34. d7 Rd8 35.
Qxc5 Rxd7 36. Rxd7 Bxd7 37. Qxc4 Bb5 38. Qc8+ Kg7 39. Qc7 Qf6 40. Bh5 Kf8 41.
Qc5+ Kg7 42. Qc7 Bd3 43. f3 Bb5 44. Qd6 Kh6 45. Bg4 Kg7 46. b3 Be2 47. Kf2 Bxf3
48. Bxf3 g4 49. Qd3 Qxf3+ 50. Qxf3 gxf3 51. Kxf3 f5 0-1

[Event "16. Bayer Open"]
[Site "Leverkusen"]
[Date "2018.01.08"]
[Round "1.3"]
[White "Bigott, Martin"]
[Black "Marcziter, Dmitrii"]
[Result "0-1"]
[WhiteElo "1807"]
[BlackElo "2279"]
[PlyCount "53"]
[EventDate "2018.??.??"]
[WhiteTeam "SF Lohmar"]
[BlackTeam "DJK Aufwärts Aachen"]

1. d4 c5 2. c3 d5 3. dxc5 Nf6 4. b4 a5 5. Bb2 e6 6. a3 Be7 7. Nf3 Nc6 8. e3 O-O
9. Be2 Ne4 10. Nbd2 f5 11. O-O Bf6 12. Nd4 e5 13. Nxc6 bxc6 14. Nb3 Be6 15.
Nxa5 Rxa5 16. bxa5 Qxa5 17. Qc2 Rb8 18. f3 Nxc5 19. c4 Nb3 20. Rab1 Qd2 21.
Qxd2 Nxd2 22. Bxe5 Rxb1 23. Rxb1 Nxb1 24. Bxf6 gxf6 25. cxd5 Bxd5 26. Bd3 Nxa3
27. Bxf5 0-1

[Event "16. Bayer Open"]
[Site "Leverkusen"]
[Date "2018.01.08"]
[Round "1.4"]
[White "Lamprecht, Mark"]
[Black "Rudolph, Eva"]
[Result "1-0"]
[WhiteElo "2210"]
[BlackElo "1757"]
[PlyCount "91"]
[EventDate "2018.??.??"]
[WhiteTeam "SC Bonn Beuel"]
[BlackTeam "Düsseldorfer SK"]

1. c4 e5 2. Nc3 Nc6 3. g3 f5 4. Bg2 Nf6 5. e3 Bb4 6. Nge2 O-O 7. O-O d6 8. d3
Qe8 9. a3 Bxc3 10. Nxc3 Qg6 11. f4 e4 12. b4 Bd7 13. Nd5 Nxd5 14. cxd5 Ne7 15.
dxe4 fxe4 16. Qc2 Nxd5 17. Bxe4 Qe6 18. Rd1 c6 19. Bxh7+ Kh8 20. Be4 Nf6 21.
Bf3 d5 22. Re1 Rae8 23. Bb2 Ne4 24. Qd3 Qg6 25. Qd4 a6 26. Bh5 Qh6 27. Bxe8
Rxe8 28. a4 Re6 29. Re2 Rg6 30. f5 Bxf5 31. Rf1 Qh3 32. Rg2 Nxg3 33. hxg3 Be4
34. Rff2 Bxg2 35. Rxg2 Rxg3 36. Rxg3 Qxg3+ 37. Kf1 Qf3+ 38. Ke1 Qg3+ 39. Kd1
Qg1+ 40. Kc2 Qf2+ 41. Kb3 Qg3 42. Qe5 Qg6 43. Ka2 Kh7 44. Qh2+ Kg8 45. Qb8+ Kh7
46. Qxb7 1-0

[Event "16. Bayer Open"]
[Site "Leverkusen"]
[Date "2018.01.08"]
[Round "1.5"]
[White "Blomeyer, Peter"]
[Black "Mohaupt, Sascha"]
[Result "0-1"]
[WhiteElo "1794"]
[BlackElo "2200"]
[PlyCount "76"]
[EventDate "2018.??.??"]
[WhiteTeam "Königsspringer Leverkusen"]
[BlackTeam "SV Wermelskirchen"]

1. c4 e5 2. Nc3 Nf6 3. g3 c6 4. Bg2 d5 5. cxd5 cxd5 6. d3 Nc6 7. Nf3 d4 8. Nb1
Be6 9. O-O Be7 10. Nbd2 Nd5 11. Nc4 f6 12. Qb3 Qd7 13. Bd2 O-O 14. Rac1 Rfc8
15. a4 Rab8 16. a5 b5 17. axb6 axb6 18. Qd1 b5 19. Na3 Rb6 20. Nc2 b4 21. Na1
Ra8 22. Nb3 Ra2 23. Rb1 Qa7 24. Nc1 Raa6 25. Nb3 Ra2 26. Nc1 Raa6 27. Nb3 Na5
28. Nxa5 Rxa5 29. Ra1 Rxa1 30. Qxa1 Ra6 31. Qb1 b3 32. Rc1 Ra2 33. Kf1 Qa4 34.
Ne1 Nb4 35. h3 Kf7 36. g4 Qa7 37. Bf3 Na6 38. Kg2 Nc5 0-1

[Event "16. Bayer Open"]
[Site "Leverkusen"]
[Date "2018.01.08"]
[Round "1.6"]
[White "Peschel, Andreas"]
[Black "Gnass, Arno"]
[Result "1-0"]
[WhiteElo "2195"]
[BlackElo "1789"]
[PlyCount "53"]
[EventDate "2018.??.??"]
[WhiteTeam "SG Solingen"]
[BlackTeam "Bergische SF"]

1. d4 Nf6 2. c4 g6 3. Nc3 d5 4. cxd5 Nxd5 5. e4 Nxc3 6. bxc3 Bg7 7. Bc4 c5 8.
Ne2 O-O 9. Be3 cxd4 10. cxd4 Nc6 11. Rc1 Na5 12. Bd3 Nc6 13. e5 Qa5+ 14. Kf1
Qxa2 15. h4 Qd5 16. h5 Bg4 17. Bc4 Bxe2+ 18. Qxe2 Qd7 19. hxg6 hxg6 20. e6 fxe6
21. Qg4 Rf5 22. Qxg6 Rf6 23. Qh7+ Kf8 24. Rh4 Na5 25. Rg4 Rf7 26. Bh6 Qa4 27.
Qh8# 1-0

[Event "16. Bayer Open"]
[Site "Leverkusen"]
[Date "2018.01.08"]
[Round "1.7"]
[White "Meyer, Stefan"]
[Black "Pejkovic, Patrick Slavko"]
[Result "0-1"]
[WhiteElo "1753"]
[BlackElo "2133"]
[PlyCount "60"]
[EventDate "2018.??.??"]
[WhiteTeam "SV Grevenbroich"]
[BlackTeam "Langenfelder SF"]

1. d4 d6 2. c4 e5 3. d5 f5 4. Nc3 Nf6 5. e4 fxe4 6. Bg5 Bf5 7. Nge2 Nbd7 8. Ng3
Bg6 9. Ncxe4 Be7 10. Bd3 Nxd5 11. Nxd6+ cxd6 12. Bxg6+ hxg6 13. Bxe7 Qa5+ 14.
Kf1 Nxe7 15. Qxd6 Rc8 16. Rd1 Qc7 17. b3 Qxd6 18. Rxd6 Nf6 19. Ne2 Rd8 20.
Rxd8+ Kxd8 21. f3 Nc6 22. Kf2 Ke7 23. h3 Rd8 24. Ke3 Nb4 25. Nc1 Nc2+ 26. Ke2
Nd4+ 27. Kf2 Nc2 28. g4 Rd2+ 29. Kg3 e4 30. g5 Nh5+ 0-1

[Event "16. Bayer Open"]
[Site "Leverkusen"]
[Date "2018.01.08"]
[Round "1.8"]
[White "Bausch, Thomas"]
[Black "Liebsch, Ulrich"]
[Result "1-0"]
[WhiteElo "2113"]
[BlackElo "1780"]
[PlyCount "61"]
[EventDate "2018.??.??"]
[WhiteTeam "Pulheimer SC"]
[BlackTeam "SC Bayer Leverkusen"]

1. d4 Nf6 2. c4 d6 3. Nc3 Nbd7 4. Nf3 c5 5. g3 cxd4 6. Nxd4 g6 7. Bg2 Nc5 8.
O-O Bg7 9. h3 O-O 10. e4 h6 11. Be3 Qc7 12. Rc1 Ne6 13. Nd5 Qd8 14. Ne2 Nxd5
15. cxd5 Nc5 16. Qd2 b5 17. Bxc5 dxc5 18. Rxc5 Qd6 19. Rfc1 Bd7 20. b4 Rfc8 21.
Nd4 Qf6 22. Nb3 h5 23. Qc2 Bh6 24. Re1 Rab8 25. e5 Qf5 26. Qc3 Bg7 27. f4 h4
28. Nd4 Qh5 29. g4 Bxg4 30. hxg4 Qxg4 31. Qh3 1-0

[Event "16. Bayer Open"]
[Site "Leverkusen"]
[Date "2018.01.08"]
[Round "1.9"]
[White "Kronseder, Michael"]
[Black "Lindam, Ingo"]
[Result "0-1"]
[WhiteElo "1763"]
[BlackElo "2112"]
[PlyCount "45"]
[EventDate "2018.??.??"]
[WhiteTeam "SV Hürth-Berrenrath"]
[BlackTeam "Kölner SK Dr. Lasker"]

1. e4 c5 2. d3 e6 3. Be2 Nc6 4. c3 d5 5. f4 dxe4 6. dxe4 Qxd1+ 7. Bxd1 Nf6 8.
Bc2 b6 9. e5 Nd5 10. c4 Ndb4 11. Be4 f6 12. exf6 gxf6 13. Bd2 f5 14. Bxb4 fxe4
15. Bc3 Rg8 16. g3 Nd4 17. Na3 Bb7 18. Ne2 e3 19. Bxd4 cxd4 20. O-O d3 21. Nd4
e2 22. Nxe6 exf1=Q+ 23. Kxf1 0-1

[Event "16. Bayer Open"]
[Site "Leverkusen"]
[Date "2018.01.08"]
[Round "1.10"]
[White "Heller, Achim"]
[Black "Meckel, Helmut"]
[Result "1-0"]
[WhiteElo "2095"]
[BlackElo "1762"]
[PlyCount "89"]
[EventDate "2018.??.??"]
[WhiteTeam "SG Ennepe-Ruhr-Süd"]
[BlackTeam "SG Solingen"]

1. d4 f5 2. g3 e6 3. Bg2 Nf6 4. Nf3 c5 5. e3 Nc6 6. O-O cxd4 7. exd4 Be7 8. c4
d6 9. d5 exd5 10. cxd5 Ne5 11. Nc3 O-O 12. Be3 Nfg4 13. Qe2 Nxe3 14. fxe3 Bf6
15. Rad1 Nxf3+ 16. Qxf3 Qa5 17. Rd3 f4 18. Ne4 Be5 19. g4 Qxa2 20. Ng5 h6 21.
Qh3 hxg5 22. Be4 Rf6 23. Qh7+ Kf8 24. Rc1 Qa5 25. Rdd1 Bxg4 26. Qh8+ Kf7 27.
Qxa8 Qb6 28. Qb8 Bf5 29. Rc7+ Kg6 30. Qe8+ Kh7 31. Bxf5+ Rxf5 32. Qh5+ Kg8 33.
Rc8+ Rf8 34. Rdc1 Bf6 35. Rxf8+ Kxf8 36. Rc8+ Bd8 37. Qh8+ Ke7 38. Qxg7+ Ke8
39. Qg8+ Ke7 40. Qxg5+ Ke8 41. Qg8+ Ke7 42. Qe6+ Kf8 43. Rc4 Qxb2 44. Rxf4+ Kg7
45. Rg4+ 1-0

[Event "16. Bayer Open"]
[Site "Leverkusen"]
[Date "2018.01.08"]
[Round "1.11"]
[White "Elshani, Shaip"]
[Black "Gramb, Marius"]
[Result "0-1"]
[WhiteElo "1752"]
[BlackElo "2088"]
[PlyCount "88"]
[EventDate "2018.??.??"]
[WhiteTeam "SC Bayer Leverkusen"]
[BlackTeam "Brühler SK"]

1. d4 Nf6 2. Nf3 c5 3. e3 d5 4. Be2 Nc6 5. O-O Bg4 6. Nc3 e6 7. h3 Bh5 8. a3
Be7 9. Ne5 Bxe2 10. Qxe2 O-O 11. Nxc6 bxc6 12. b3 Nd7 13. Bb2 Bf6 14. Rad1 cxd4
15. exd4 c5 16. dxc5 Nxc5 17. b4 Nd7 18. Na4 Qc7 19. Bxf6 Nxf6 20. Nc5 Rfd8 21.
Rd3 Rac8 22. Rfd1 a5 23. c3 Re8 24. Rg3 Re7 25. Qf3 Ne8 26. Qg4 Ra8 27. h4 Qe5
28. Nd7 Rxd7 29. c4 axb4 30. axb4 Ra1 31. Rxa1 Qxa1+ 32. Kh2 dxc4 33. Qxc4 Qd4
34. Qc2 Rc7 35. Qe2 Qxh4+ 36. Rh3 Qf4+ 37. g3 Qc4 38. Qh5 Nf6 39. Qd1 Ng4+ 40.
Kg1 Qc1 41. Qxc1 Rxc1+ 42. Kg2 Rb1 43. Rh4 Rxb4 44. f3 Ne3+ 0-1

[Event "16. Bayer Open"]
[Site "Leverkusen"]
[Date "2018.01.08"]
[Round "1.12"]
[White "Kesseler, Heiko"]
[Black "Hegmann, Werner"]
[Result "1-0"]
[WhiteElo "2074"]
[BlackElo "1743"]
[PlyCount "117"]
[EventDate "2018.??.??"]
[WhiteTeam "Düsseldorfer SK"]
[BlackTeam "SV Opladen"]

1. e4 e5 2. Nf3 Nc6 3. Bb5 Nge7 4. O-O g6 5. c3 Bg7 6. d4 d6 7. dxe5 dxe5 8.
Qxd8+ Kxd8 9. Ng5 Ke8 10. Bc4 Nd8 11. Rd1 Nec6 12. Be3 f6 13. Nf3 b6 14. Na3 a6
15. Rd2 Be6 16. Bd5 Bf8 17. Nc2 g5 18. Nfe1 a5 19. a4 Bxd5 20. exd5 Na7 21. b4
Nb7 22. Re2 Kf7 23. f3 h5 24. Nd3 Bd6 25. Bf2 Rae8 26. c4 axb4 27. Ncxb4 Re7
28. Na6 f5 29. c5 Nxc5 30. Naxc5 bxc5 31. Nxc5 c6 32. dxc6 Nxc6 33. a5 Bb8 34.
a6 Ba7 35. Rd2 Rc8 36. Nb7 Rcc7 37. Nd6+ Kf6 38. Nb5 Bxf2+ 39. Kxf2 Red7 40.
Rxd7 Rxd7 41. a7 Nxa7 42. Ra6+ Kf7 43. Rxa7 Rxa7 44. Nxa7 Ke6 45. Ke3 h4 46. h3
Kd5 47. Nb5 Kc5 48. Nc3 Kc4 49. Nd1 Kd5 50. Kd3 Ke6 51. Ne3 Kf6 52. Kc4 Ke6 53.
Kc5 e4 54. fxe4 fxe4 55. Kd4 Kf6 56. Kxe4 Kg6 57. Ng4 Kh5 58. Ke5 Kg6 59. Nf6
1-0

[Event "16. Bayer Open"]
[Site "Leverkusen"]
[Date "2018.01.08"]
[Round "1.13"]
[White "Elsweiler, Karl-Heinz"]
[Black "Wille, Thomas"]
[Result "0-1"]
[WhiteElo "1738"]
[BlackElo "2074"]
[PlyCount "68"]
[EventDate "2018.??.??"]
[WhiteTeam "SV Opladen"]
[BlackTeam "Velberter SG"]

1. b4 c5 2. a3 b6 3. Nf3 e6 4. e3 cxb4 5. Bb2 Nf6 6. c4 bxc3 7. Nxc3 Bb7 8. Rc1
a6 9. Be2 Be7 10. O-O O-O 11. Qc2 Nc6 12. d4 d5 13. Bd3 h6 14. Rfd1 b5 15. e4
Na5 16. exd5 exd5 17. Re1 Nc4 18. a4 Nxb2 19. Qxb2 b4 20. Ne2 Bd6 21. Ne5 Qa5
22. Qb3 Rac8 23. Ng3 Rxc1 24. Rxc1 Rc8 25. Rxc8+ Bxc8 26. Qc2 Qc7 27. Qb1 a5
28. h3 Bxe5 29. dxe5 Qxe5 30. Qc2 Qc3 31. Qe2 Be6 32. Nf5 Qc1+ 33. Kh2 Bxf5 34.
Bxf5 Qf4+ 0-1

[Event "16. Bayer Open"]
[Site "Leverkusen"]
[Date "2018.01.08"]
[Round "1.14"]
[White "Sockel, Karl-Heinz"]
[Black "Gülden, Ralf"]
[Result "1-0"]
[WhiteElo "2070"]
[BlackElo "1722"]
[PlyCount "77"]
[EventDate "2018.??.??"]
[WhiteTeam "SC Bayer Leverkusen"]
[BlackTeam "Königsspringer Leverkusen"]

1. c4 Nf6 2. g3 e6 3. Bg2 c5 4. e4 Nc6 5. Nc3 Be7 6. Nge2 O-O 7. d3 d6 8. O-O
e5 9. h3 a6 10. f4 Rb8 11. Be3 b5 12. Qd2 b4 13. Nd5 Nxd5 14. exd5 Nd4 15. b3
Bd7 16. Rae1 Qc8 17. Kh2 a5 18. Bxd4 exd4 19. Nxd4 Bf6 20. Ne2 Re8 21. d4 cxd4
22. Nxd4 Qc5 23. Nc6 Rbc8 24. Rxe8+ Rxe8 25. Re1 Rxe1 26. Qxe1 g6 27. Qg1 Qxg1+
28. Kxg1 a4 29. bxa4 Bxc6 30. dxc6 Bd8 31. Kf2 Kf8 32. Ke3 Ke7 33. Kd4 Bb6+ 34.
Kd5 Bf2 35. g4 Bb6 36. f5 Bc5 37. f6+ Kd8 38. a5 h6 39. Be4 1-0

[Event "16. Bayer Open"]
[Site "Leverkusen"]
[Date "2018.01.08"]
[Round "1.15"]
[White "Jansen-Karanatsios, Michael"]
[Black "Moors, Christoph"]
[Result "1/2-1/2"]
[WhiteElo "1717"]
[BlackElo "2068"]
[PlyCount "101"]
[EventDate "2018.??.??"]
[WhiteTeam "Kölner SK Dr. Lasker"]
[BlackTeam "SC Erkrath"]

1. Nf3 d5 2. g3 Nf6 3. Bg2 e6 4. O-O Be7 5. d3 c5 6. Nbd2 Nc6 7. e4 O-O 8. Re1
b5 9. e5 Nd7 10. Nf1 b4 11. h4 a5 12. N1h2 a4 13. h5 Qc7 14. Ng4 a3 15. b3 Ba6
16. Bf4 Rac8 17. Qd2 Kh8 18. h6 g6 19. Bg5 Bxg5 20. Qxg5 Qd8 21. Qf4 Qe7 22.
Ng5 Nd4 23. Rac1 Nb5 24. Nf3 Nc3 25. Ra1 Kg8 26. Bf1 Bb7 27. Bg2 Ba6 28. Bf1 f5
29. Nf6+ Nxf6 30. exf6 Rxf6 31. Ne5 Bb7 32. Be2 Rff8 33. Nf3 Rfe8 34. Qe5 Qc7
35. Bf1 Qxe5 36. Rxe5 Re7 37. Ng5 Rce8 38. f4 Bc6 39. Bg2 Rc8 40. Kf2 Bd7 41.
Ke3 Rc7 42. Kd2 Bc8 43. Bf3 Kf8 44. g4 Ke8 45. gxf5 exf5 46. Nxh7 Rxe5 47. Nf6+
Kf8 48. fxe5 Re7 49. h7 Kg7 50. Rh1 Kh8 51. Nxd5 1/2-1/2

[Event "16. Bayer Open"]
[Site "Leverkusen"]
[Date "2018.01.08"]
[Round "1.16"]
[White "Bär, Marco"]
[Black "Skiber, Friedel"]
[Result "1-0"]
[WhiteElo "2030"]
[BlackElo "1695"]
[PlyCount "107"]
[EventDate "2018.??.??"]
[WhiteTeam "SC Bayer Leverkusen"]
[BlackTeam "SG Solingen"]

1. e4 d6 2. Nc3 Nf6 3. f4 g6 4. Nf3 Bg7 5. Bc4 O-O 6. d3 Nc6 7. O-O Bg4 8. h3
Bxf3 9. Qxf3 Nd4 10. Qf2 Ne8 11. Bb3 c5 12. Be3 b5 13. Nd1 a5 14. Bd5 Rb8 15.
c3 Ne6 16. f5 N6c7 17. fxg6 Nxd5 18. gxh7+ Kxh7 19. exd5 e6 20. d4 cxd4 21.
Bxd4 e5 22. Qf5+ Kg8 23. Bf2 Qf6 24. Ne3 Qg6 25. Bh4 Qxf5 26. Nxf5 f6 27. Rf3
Rf7 28. Raf1 Rb6 29. Ne3 Kh7 30. Ng4 Kg6 31. Ne3 Kh7 32. g4 Kg6 33. g5 Rbb7 34.
gxf6 Nxf6 35. Bxf6 Rxf6 36. Rg3+ Kh7 37. Rxf6 Bxf6 38. Nf5 Rd7 39. Kf1 Bd8 40.
Ke2 Bb6 41. Kd3 Bc5 42. Ke4 Rf7 43. Rg4 b4 44. Rh4+ Kg6 45. Rh6+ Kg5 46. h4+
Kg4 47. Rg6+ Kh3 48. h5 bxc3 49. bxc3 Rh7 50. h6 Ba3 51. Rg7 Rh8 52. h7 Bc5 53.
Ne7 Rf8 54. Ng6 1-0

[Event "16. Bayer Open"]
[Site "Leverkusen"]
[Date "2018.01.08"]
[Round "1.17"]
[White "Stuch, Hans-Ferdinand"]
[Black "ter Steeg, Marcus"]
[Result "0-1"]
[WhiteElo "1693"]
[BlackElo "2066"]
[PlyCount "90"]
[EventDate "2018.??.??"]
[WhiteTeam "Godesberger SK"]
[BlackTeam "SF Essen-Werden"]

1. e4 g6 2. d4 Bg7 3. Nc3 c6 4. f3 d5 5. Be3 h5 6. Qd2 Bh6 7. O-O-O Bxe3 8.
Qxe3 Nf6 9. e5 Ng8 10. Bd3 Nh6 11. Nge2 Bf5 12. Qg5 e6 13. Qxd8+ Kxd8 14. h4
Bxd3 15. Rxd3 Nd7 16. Nd1 Ke7 17. Ne3 c5 18. c3 Rac8 19. Kb1 Nf5 20. Nxf5+ gxf5
21. Nf4 Rh6 22. Re1 Nf8 23. g3 Ng6 24. Nh3 f4 25. Nxf4 Nxf4 26. gxf4 c4 27.
Rdd1 Rg6 28. Rg1 Rcg8 29. Rg5 Rxg5 30. fxg5 Kf8 31. f4 Kg7 32. Kc2 Kg6 33. f5+
Kxf5 34. Rf1+ Kg4 35. Rxf7 Kxh4 36. Rf6 Rxg5 37. Rxe6 Rg2+ 38. Kc1 Rg4 39. Rh6
Kg5 40. Rf6 h4 41. Rf8 h3 42. Rh8 Rh4 43. Rg8+ Kf4 44. Rg1 h2 45. Rh1 Kg3 0-1

[Event "16. Bayer Open"]
[Site "Leverkusen"]
[Date "2018.01.08"]
[Round "1.18"]
[White "Neubauer, Jürgen"]
[Black "Becker, Johann"]
[Result "1-0"]
[WhiteElo "2046"]
[BlackElo "1691"]
[PlyCount "63"]
[EventDate "2018.??.??"]
[WhiteTeam "SK Turm Euskirchen"]
[BlackTeam "TV Witzhelden"]

1. e4 Nc6 2. d4 d5 3. e5 Bf5 4. c3 e6 5. Ne2 Be7 6. Ng3 Bg6 7. Nd2 f6 8. f4
fxe5 9. fxe5 Nh6 10. Nf3 Nf5 11. Nxf5 Bxf5 12. Be3 O-O 13. Be2 Qe8 14. b4 Qg6
15. O-O Be4 16. Qa4 Bd3 17. Qd1 Be4 18. Qe1 Rf5 19. Qg3 Qxg3 20. hxg3 Rf7 21.
Nd2 Bg6 22. b5 Na5 23. c4 c6 24. Rxf7 Kxf7 25. bxc6 bxc6 26. Rf1+ Ke8 27. cxd5
cxd5 28. Bb5+ Kd8 29. Nf3 Rb8 30. a4 Rc8 31. Ng5 Nc4 32. Nxe6# 1-0

[Event "16. Bayer Open"]
[Site "Leverkusen"]
[Date "2018.01.08"]
[Round "1.19"]
[White "Janssen, Wolfgang"]
[Black "Kies, Werner"]
[Result "0-1"]
[WhiteElo "1674"]
[BlackElo "2036"]
[PlyCount "60"]
[EventDate "2018.??.??"]
[WhiteTeam "SV Dormagen"]
[BlackTeam "SC Bayer Leverkusen"]

1. e4 c5 2. Nf3 a6 3. g3 Nc6 4. Bg2 e6 5. O-O Nf6 6. d3 Be7 7. Nbd2 Qc7 8. Re1
d6 9. a4 h5 10. Nf1 b6 11. d4 cxd4 12. Nxd4 Bb7 13. Ne3 h4 14. Nxc6 Bxc6 15.
Nd5 exd5 16. exd5 Bb7 17. Bg5 hxg3 18. hxg3 O-O-O 19. c4 Rde8 20. b4 Kb8 21. c5
dxc5 22. Rxe7 Qxe7 23. Bf4+ Ka7 24. bxc5 Qxc5 25. Rc1 Qb4 26. Be3 Rxe3 27. fxe3
Qd6 28. e4 Qxg3 29. Qd4 Qh2+ 30. Kf1 Qf4+ 0-1

[Event "16. Bayer Open"]
[Site "Leverkusen"]
[Date "2018.01.08"]
[Round "1.20"]
[White "Gula, Julian"]
[Black "Milz, Ulrich"]
[Result "1-0"]
[WhiteElo "2025"]
[BlackElo "1686"]
[PlyCount "59"]
[EventDate "2018.??.??"]
[WhiteTeam "SF Düsseldorf-Süd"]
[BlackTeam "SC Bayer Leverkusen"]

1. d4 e6 2. e4 b6 3. Bd3 Nc6 4. c3 Bb7 5. Nf3 Nce7 6. Bg5 h6 7. Bh4 g5 8. Bg3
Ng6 9. h4 g4 10. Ne5 h5 11. Nxg6 fxg6 12. f3 Nf6 13. e5 Nd5 14. Bxg6+ Ke7 15.
c4 Ne3 16. Qe2 Bh6 17. Nc3 Nf5 18. Bxf5 exf5 19. fxg4 fxg4 20. d5 Qe8 21. Nb5
Kd8 22. d6 Qg6 23. O-O a6 24. Nxc7 Rc8 25. e6 dxe6 26. Nxe6+ Kd7 27. Nf4 Rce8
28. Nxg6 Rxe2 29. Rf7+ Ke8 30. Rxb7 1-0

[Event "16. Bayer Open"]
[Site "Leverkusen"]
[Date "2018.01.08"]
[Round "1.21"]
[White "Pfister, Jürgen"]
[Black "Grah, Ulrich"]
[Result "0-1"]
[WhiteElo "1669"]
[BlackElo "2013"]
[PlyCount "112"]
[EventDate "2018.??.??"]
[WhiteTeam "SF Düsseldorf-Süd"]
[BlackTeam "SG Solingen"]

1. Nf3 Nf6 2. c4 g6 3. Nc3 Bg7 4. d4 d6 5. e4 O-O 6. Be2 e5 7. d5 Nbd7 8. b4 a5
9. b5 Nc5 10. Nd2 Nfd7 11. a4 f5 12. Qc2 fxe4 13. Ndxe4 Nxe4 14. Nxe4 Nf6 15.
Bg5 Bf5 16. Nxf6+ Bxf6 17. Bxf6 Qxf6 18. Qb2 b6 19. O-O Rae8 20. f3 Qg5 21. Qc1
Qf4 22. Qc3 Qd4+ 23. Qxd4 exd4 24. Kf2 Re3 25. Rfe1 Rfe8 26. Bf1 Rxe1 27. Rxe1
Rxe1 28. Kxe1 Bc2 29. Kd2 Bxa4 30. Kd3 Kg7 31. Kxd4 Kf6 32. Bd3 Kg5 33. g3 Bd1
34. h4+ Kf6 35. Be4 Be2 36. f4 h6 37. Bc2 g5 38. Bb3 gxf4 39. gxf4 Kf5 40. Ke3
Bh5 41. Bc2+ Kg4 42. f5 Bf7 43. f6 Kxh4 44. Kf4 Kh5 45. Bh7 a4 46. Bb1 Kh4 47.
Kf5 Kg3 48. Bc2 a3 49. Bb3 h5 50. Kg5 h4 51. Kh6 h3 52. Kg7 Bh5 53. Bd1 a2 54.
Bxh5 a1=Q 55. Kg6 h2 56. f7 Qh8 0-1

[Event "16. Bayer Open"]
[Site "Leverkusen"]
[Date "2018.01.08"]
[Round "1.22"]
[White "Schülke, Tilman"]
[Black "Wehr, Günter"]
[Result "1-0"]
[WhiteElo "1971"]
[BlackElo "1665"]
[PlyCount "61"]
[EventDate "2018.??.??"]
[WhiteTeam "Düsseldorfer SV"]
[BlackTeam "SV Opladen"]

1. d4 d5 2. c3 Nf6 3. Bg5 e6 4. e3 Be7 5. Nd2 h6 6. Bh4 Nbd7 7. Bg3 O-O 8. Bd3
c5 9. f4 b6 10. Qf3 a5 11. Ne2 Ra7 12. O-O Bb7 13. Rad1 c4 14. Bc2 a4 15. a3 b5
16. h3 Ne8 17. e4 Bh4 18. e5 Bxg3 19. Qxg3 Qe7 20. f5 f6 21. fxe6 Nxe5 22. dxe5
Qc5+ 23. Nd4 fxe5 24. Rxf8+ Qxf8 25. Qxe5 Nf6 26. Rf1 Qe7 27. Qb8+ Bc8 28.
Qxc8+ Ne8 29. Rf7 Qxf7 30. exf7+ Kxf7 31. Bg6+ 1-0

[Event "16. Bayer Open"]
[Site "Leverkusen"]
[Date "2018.01.08"]
[Round "1.23"]
[White "Paul, André David"]
[Black "Asadzade, Idris"]
[Result "0-1"]
[WhiteElo "1655"]
[BlackElo "1967"]
[PlyCount "43"]
[EventDate "2018.??.??"]
[WhiteTeam "Kölner SK Dr. Lasker"]
[BlackTeam "Königsspringer Leverkusen"]

1. d4 Nf6 2. c4 c5 3. d5 b5 4. cxb5 a6 5. b6 e6 6. dxe6 fxe6 7. Nc3 Qxb6 8. e4
Bb7 9. Qc2 Nc6 10. f3 Nd4 11. Qb1 d5 12. e5 Nd7 13. f4 Be7 14. Be3 Nf5 15. Bf2
d4 16. Ne4 O-O 17. Nh3 Bxe4 18. Qxe4 Qb4+ 19. Kd1 Qxb2 20. Rb1 Qxa2 21. Bd3 c4
22. g4 0-1

[Event "16. Bayer Open"]
[Site "Leverkusen"]
[Date "2018.01.08"]
[Round "1.24"]
[White "Vranidis, Athanassios"]
[Black "Multhauf, Stefan"]
[Result "1/2-1/2"]
[WhiteElo "1958"]
[BlackElo "1664"]
[PlyCount "71"]
[EventDate "2018.??.??"]
[WhiteTeam "SG Solingen"]
[BlackTeam "Königsspringer Leverkusen"]

1. d4 d5 2. c4 Nc6 3. Nc3 e5 4. cxd5 exd4 5. dxc6 dxc3 6. Qxd8+ Kxd8 7. bxc3
bxc6 8. g3 Rb8 9. Bg2 Bd7 10. Nf3 Bd6 11. O-O f6 12. Be3 Rb7 13. Nd4 Ne7 14.
Rab1 Kc8 15. Rxb7 Kxb7 16. Nb3 Rb8 17. Nc5+ Kc8 18. Nb3 Nd5 19. Bxa7 Ra8 20.
Bd4 Rxa2 21. e4 Ne7 22. Rb1 Rc2 23. Ra1 Be6 24. Nc5 Bxc5 25. Bxc5 Kd7 26. Bb4
c5 27. Bxc5 Rxc3 28. Bd4 Rd3 29. Be3 Bg4 30. Bf1 Rd1 31. Rxd1+ Bxd1 32. Bb5+ c6
33. Bd3 Bf3 34. Bc5 Ke6 35. Bc4+ Kd7 36. Bd3 1/2-1/2

[Event "16. Bayer Open"]
[Site "Leverkusen"]
[Date "2018.01.08"]
[Round "1.25"]
[White "Jacobi, Bernd"]
[Black "Scharff, Klaus"]
[Result "0-1"]
[WhiteElo "1653"]
[BlackElo "1952"]
[PlyCount "60"]
[EventDate "2018.??.??"]
[WhiteTeam "Langenfelder SF"]
[BlackTeam "SV Opladen"]

1. d4 Nf6 2. c3 g6 3. Nf3 Bg7 4. e3 d6 5. Nbd2 O-O 6. Bd3 Nbd7 7. e4 e5 8. d5
Ne8 9. Nb3 h6 10. Qc2 a5 11. Be3 a4 12. Nc1 b6 13. Bb5 f5 14. exf5 gxf5 15. g3
Ba6 16. Bxa4 f4 17. gxf4 exf4 18. Bd2 Ndf6 19. Bxf4 Nh5 20. Bxh6 Rxf3 21. Bxg7
Nexg7 22. Bd7 Qxd7 23. Rg1 Re8+ 24. Kd1 Qf7 25. c4 Rxf2 26. Rxg7+ Kxg7 27. Qc3+
Re5 28. Nd3 Qf3+ 29. Kc1 Qh1+ 30. Ne1 Qxe1+ 0-1

[Event "16. Bayer Open"]
[Site "Leverkusen"]
[Date "2018.01.08"]
[Round "1.26"]
[White "Henseler, Klaus"]
[Black "Plitzner, Hans Joachim"]
[Result "1-0"]
[WhiteElo "1948"]
[BlackElo "1581"]
[PlyCount "59"]
[EventDate "2018.??.??"]
[WhiteTeam "SC Bayer Leverkusen"]
[BlackTeam "Kölner SK Dr. Lasker"]

1. c4 c5 2. g3 g6 3. Bg2 Bg7 4. Nc3 Nc6 5. Nf3 Nf6 6. O-O O-O 7. d4 cxd4 8.
Nxd4 Nxd4 9. Qxd4 d6 10. Qd2 Rb8 11. b3 b6 12. e4 Bb7 13. Bb2 Qd7 14. h3 Rfd8
15. Rad1 a6 16. a4 Qc7 17. Rc1 e6 18. Qe2 Rd7 19. Rfd1 Rbd8 20. Rd2 Qc5 21. Rd3
Ne8 22. Rcd1 Ba8 23. Bc1 Qc7 24. Bf4 e5 25. Bg5 Bf6 26. Be3 Bg7 27. Qd2 Nf6 28.
f3 Bc6 29. h4 Bb7 30. Bh3 1-0

[Event "16. Bayer Open"]
[Site "Leverkusen"]
[Date "2018.01.08"]
[Round "1.27"]
[White "Diaubalick, Ulrich"]
[Black "Alexopoulos, Spiros Orestis"]
[Result "0-1"]
[WhiteElo "1623"]
[BlackElo "1947"]
[PlyCount "73"]
[EventDate "2018.??.??"]
[WhiteTeam "SF Düsseldorf-Süd"]
[BlackTeam "Aachener SV"]

1. e4 d5 2. exd5 Nf6 3. Nf3 Qxd5 4. h3 Nc6 5. c4 Qe4+ 6. Be2 Bf5 7. a3 O-O-O 8.
Nc3 Qc2 9. Qxc2 Bxc2 10. O-O h6 11. b4 g5 12. b5 Nd4 13. Ne5 Rh7 14. Bg4+ Nxg4
15. hxg4 f6 16. Nf3 Nxf3+ 17. gxf3 Bd3 18. Re1 Bxc4 19. a4 e6 20. a5 h5 21. Ra4
Bb3 22. Ra1 hxg4 23. fxg4 Bd6 24. b6 cxb6 25. axb6 a6 26. Rb1 Bc4 27. d4 f5 28.
Bxg5 Rg8 29. f4 Bxf4 30. Bxf4 Rxg4+ 31. Bg3 Rxg3+ 32. Kf2 f4 33. Rh1 Rxh1 34.
Rxh1 Rxc3 35. Rh7 Bd5 36. Rh8+ Kd7 37. Rh7+ 0-1